| 000 | 00614nam a22002057a 4500 | ||
|---|---|---|---|
| 003 | OSt | ||
| 005 | 20160716165052.0 | ||
| 008 | 160716b xxu||||| |||| 00| 0 eng d | ||
| 040 | _cLIC | ||
| 082 |
_21982 _aDFil 330 _bV71 |
||
| 100 |
_911637 _aVillegas, Bernardo M. |
||
| 245 |
_aEconomics: _ban introduction/ _cBernardo M. Villegas and Victor A. Abola. |
||
| 250 | _aThird Edition | ||
| 260 |
_aManila: _bSinagtala Publishers, Inc., _cc1982. |
||
| 300 |
_a328 pages : _billustrations; _c25 cm. |
||
| 500 | _aIncludes index. | ||
| 650 | 0 |
_911643 _aEconomics |
|
| 700 |
_911644 _aAbola, Victor A. |
||
| 942 |
_2ddc _cDFIL |
||
| 999 |
_c3487 _d3487 |
||